Bambilion životů košišty Pusheen /
Další sbírka úsměvných ilustrací a komiksů roztomilé košišty Pusheen. Obsahuje i dosud neviděný materiál.
Uloženo v:
| Hlavní autor: | |
|---|---|
| Další autoři: | |
| Médium: | E-kniha |
| Jazyk: | Czech |
| Vydáno: |
V Praze :
CooBoo,
2021
|
| Vydání: | 1. vydání |
| Témata: | |
| Tagy: |
Žádné tagy |
| LEADER | 02201nam a2200469 i 4500 | ||
|---|---|---|---|
| 001 | 302840 | ||
| 003 | CZ PrSKC | ||
| 005 | 20260515063232.0 | ||
| 007 | ta | ||
| 008 | 210604s2021 xr a c 6 000 1 cze | ||
| 015 | |a cnb003326347 | ||
| 020 | |a 9788076612044 |q (brožováno) : |c Kč 249,00 | ||
| 035 | |a (OCoLC)1263283901 | ||
| 040 | |a ABG001 |b cze |d ABA001 |e rda | ||
| 041 | 1 | |a cze |h eng | |
| 072 | 7 | |a 741.52 |x Komiksy. Komiksové adaptace |2 Konspekt | |
| 072 | 7 | |a 821-93 |x Literatura pro děti a mládež (beletrie) |2 Konspekt | |
| 080 | |a 741.52(0:82-321.5) |2 MRF | ||
| 080 | |a 821-93 |2 MRF | ||
| 100 | 1 | |a Belton, Claire |7 xx0190919 |4 aut |4 ill | |
| 240 | 1 | 0 | |a Many lives of Pusheen the cat. |l Česky |
| 245 | 1 | 0 | |a Bambilion životů košišty Pusheen / |c Claire Beltonová ; z anglického originálu The many lives of Pusheen the cat ... přeložil Kamil Houska |
| 250 | |a 1. vydání | ||
| 264 | 1 | |a V Praze : |b CooBoo, |c 2021 | |
| 300 | |a 177 stran : |b barevné ilustrace ; |c 20 cm | ||
| 336 | |a text |b txt |2 rdacontent | ||
| 336 | |a statický obraz |b sti |2 rdacontent | ||
| 337 | |a bez média |b n |2 rdamedia | ||
| 338 | |a svazek |b nc |2 rdacarrier | ||
| 520 | 2 | |a Další sbírka úsměvných ilustrací a komiksů roztomilé košišty Pusheen. Obsahuje i dosud neviděný materiál. |b V této sbírce najdete Pusheen od klasické šedé mourovaté až po její jednorožčí, dračí, mimozemská, dinosauří, či dokonce psí alter ega. Nakladatelská anotace. Kráceno. | |
| 521 | 8 | |a Pro děti od 8 let | |
| 655 | 7 | |a humoristické komiksy |7 fd1057480 |2 czenas | |
| 655 | 7 | |a publikace pro děti |7 fd133156 |2 czenas | |
| 655 | 9 | |a humorous comics |2 eczenas | |
| 655 | 9 | |a children's literature |2 eczenas | |
| 700 | 1 | |a Houska, Kamil |4 trl | |
| 900 | |a ABA001 |b 20 | ||
| 928 | 9 | |a Albatros Media - CooBoo | |
| 044 | |a xr | ||
| 910 | |a RBIT002 | ||
| 998 | |d 325906 |a https://core.palmknihy.cz/api/books/325906/cover?si7ie8 |b https://core.palmknihy.cz/api/books/325906/cover/400?si7ie8 |c https://core.palmknihy.cz/api/books/325906/cover/50?si7ie8 |e 2031-01-15 |g 192 |i 9788076612044 |k https://core.palmknihy.cz/api/books/325906/preview.pdf |l |q 49 |r 1 |s https://www.palmknihy.cz/kniha/325906 |t ebook |y 2021 |z 0 | ||
| 999 | |d 302838 | ||